Oprava sadzby dane z pridanej hodnoty, daňový dobropis a ťarchopis
Vykonanie opravy sadzby dane pri použití nesprávnej sadzby dane pri uskutočnenom zdaniteľnom plnení. Realizácia opravy dodatočným daňovým priznaním. Vystavenie daňového dobropisu, resp. daňového ťarchopisu. Daňové doklady. Ilustračné príklady.
Saved in:
| Main Author: | |
|---|---|
| Format: | Book Chapter |
| Language: | Slovak |
| Subjects: | |
| Tags: |
No Tags, Be the first to tag this record!
|
MARC
| LEADER | 00000naa a2200000 4500 | ||
|---|---|---|---|
| 001 | r033275 | ||
| 005 | 20230926072820.4 | ||
| 041 | 0 | |a slo | |
| 044 | |a SK | ||
| 245 | 1 | 0 | |a Oprava sadzby dane z pridanej hodnoty, daňový dobropis a ťarchopis |c Ján Minársky |
| 520 | |a Vykonanie opravy sadzby dane pri použití nesprávnej sadzby dane pri uskutočnenom zdaniteľnom plnení. Realizácia opravy dodatočným daňovým priznaním. Vystavenie daňového dobropisu, resp. daňového ťarchopisu. Daňové doklady. Ilustračné príklady. | ||
| 610 | 2 | 0 | |a sadzby daňové |
| 610 | 2 | 0 | |a opravy |
| 610 | 2 | 0 | |a dane z hodnoty pridanej |
| 610 | 2 | 0 | |a doklady daňové |
| 100 | 1 | |a Minársky, Ján | |